Schaum`s Outline of theory and Problem`s of strength of Materials (Record no. 7222)

000 -LEADER
fixed length control field 00544nam a22002057a 4500
001 - CONTROL NUMBER
control field 7222
003 - CONTROL NUMBER IDENTIFIER
control field BD-DhUET
008 - FIXED-LENGTH DATA ELEMENTS--GENERAL INFORMATION
fixed length control field 141207b xxu||||| |||| 00| 0 eng d
020 ## - INTERNATIONAL STANDARD BOOK NUMBER
International Standard Book Number 070458944
040 ## - CATALOGING SOURCE
Original cataloging agency DLC
Transcribing agency DLC
Modifying agency BD-DhUET
082 ## - DEWEY DECIMAL CLASSIFICATION NUMBER
Classification number 620.11
Item number NAS/1972
100 ## - MAIN ENTRY--PERSONAL NAME
Personal name Nash,Willam A.
245 ## - TITLE STATEMENT
Title Schaum`s Outline of theory and Problem`s of strength of Materials
250 ## - EDITION STATEMENT
Edition statement 2nd ed.
260 ## - PUBLICATION, DISTRIBUTION, ETC. (IMPRINT)
Place of publication, distribution, etc. New York
Name of publisher, distributor, etc. Mcgraw - Hill
Date of publication, distribution, etc. 1972
300 ## - PHYSICAL DESCRIPTION
Extent 396 p.
490 ## - SERIES STATEMENT
Series statement Schaum's outline series
650 #0 - SUBJECT ADDED ENTRY--TOPICAL TERM
Topical term or geographic name as entry element Strength of materials
942 ## - ADDED ENTRY ELEMENTS (KOHA)
Koha item type General Book
Holdings
Price effective from Date acquired Damaged status Shelving location Location (home branch) Koha normalized classification for sorting Koha date last borrowed Lost status Piece designation (barcode) Withdrawn status Koha renewals Source of classification or shelving scheme Not for loan Koha date last seen Copy number Koha full call number Sublocation or collection (holding branch) Koha item type Koha issues (times borrowed)
2014-12-072014-12-07 Circulation sectionCentral Library, BUET620_110000000000000_NAS_19722018-10-27 30119 2  2022-09-121620.11/NAS/1972Central Library, BUETGeneral Book1
2015-01-292015-01-29 Circulation sectionCentral Library, BUET620_110000000000000_NAS_1972  34893    2015-01-292620.11/NAS/1972Central Library, BUETGeneral Book 
2015-06-152015-06-15 Reading sectionCentral Library, BUET620_110000000000000_NAS_1972  30114    2015-06-153620.11/NAS/1972Central Library, BUETReading Item 
2015-06-162015-06-16 Reading sectionCentral Library, BUET620_110000000000000_NAS_1972  26295    2015-06-164620.11/NAS/1972Central Library, BUETReading Item 
2015-06-162015-06-16 Reading sectionCentral Library, BUET620_110000000000000_NAS_1972  26294    2015-06-165620.11/NAS/1972Central Library, BUETReading Item 
2015-06-162015-06-16 Reading sectionCentral Library, BUET620_110000000000000_NAS_1972  30128    2015-06-166620.11/NAS/1972Central Library, BUETReading Item